000 01177cam a2200277 a 4500
003 OSt
005 20210316123611.0
008 070712s2006 ck ado 00 0 spa d
020 _a9589768369
040 _aCO-BoPUJ
_cCO-JMCR
041 0 _aspa
043 _as-ck---
045 _ax7y0
082 0 4 _a378.861 /
_bE821t
_223
100 1 _aEstrada Herrera, Fabiola
_eautora
_936168
245 1 0 _aTestimonio de una historia inacabada :
_buna comunidad local con pensamiento global /
_cFabiola Estrada Herrera
260 _aBogotá :
_bUniversidad Autónoma de Colombia,
_c2006.
300 _a129 páginas :
_bilustraciones, fotos y tablas a color ;
_c32 cm.
505 0 _aHistoria -- Crecimiento -- Vida universitaria -- Excelencia y calidad
610 1 _aUniversidad Autónoma de Colombia
_xHistoria
_y1971-2006
_936169
650 1 4 _aFundación Universitaria Autónoma de Colombia
_936170
650 1 4 _aHistoria
_xFundación Universitaria Autónoma de Colombia.
_936171
942 _2ddc
_cBK
999 _c15397
_d15397